EU Competition law handbook / (Record no. 11770)
[ view plain ]
| 000 -LEADER | |
|---|---|
| fixed length control field | 01479nam a22003372 4500 |
| 001 - CONTROL NUMBER | |
| control field | 0000025517 |
| 005 - DATE AND TIME OF LATEST TRANSACTION | |
| control field | 20151217154551.0 |
| 008 - FIXED-LENGTH DATA ELEMENTS--GENERAL INFORMATION | |
| fixed length control field | 151014s xx 000 0 eng d |
| 020 ## - INTERNATIONAL STANDARD BOOK NUMBER | |
| International Standard Book Number | 0414035447 : |
| 040 ## - CATALOGING SOURCE | |
| Original cataloging agency | KABU |
| Transcribing agency | KABU |
| 100 1# - MAIN ENTRY--PERSONAL NAME | |
| Personal name | Woude, Marc Van Der. |
| -- | 0000181882 |
| 245 10 - TITLE STATEMENT | |
| Title | EU Competition law handbook / |
| Statement of responsibility, etc. | Marc Van Der Woude, Christopher Jones. |
| 250 ## - EDITION STATEMENT | |
| Edition statement | 2015 ed. |
| 260 ## - PUBLICATION, DISTRIBUTION, ETC. (IMPRINT) | |
| Place of publication, distribution, etc. | London : |
| Name of publisher, distributor, etc. | Thomson Reuters, |
| Date of publication, distribution, etc. | 2014. |
| 300 ## - PHYSICAL DESCRIPTION | |
| Extent | xx, 1068 p. |
| 650 #0 - SUBJECT ADDED ENTRY--TOPICAL TERM | |
| Topical term or geographic name as entry element | Restraint of trade |
| Form subdivision | Cases, indexes |
| General subdivision | European union countries. |
| -- | 0000186208 |
| 650 #0 - SUBJECT ADDED ENTRY--TOPICAL TERM | |
| Topical term or geographic name as entry element | Antitrust law |
| Form subdivision | Cases, indexes |
| General subdivision | European union countries. |
| -- | 0000186209 |
| 700 1# - ADDED ENTRY--PERSONAL NAME | |
| Personal name | Jones, Christopher. |
| -- | 0000181885 |
| 852 1# - LOCATION | |
| -- | p65000 KES |
| 852 1# - LOCATION | |
| -- | p65000 KES |
| 852 1# - LOCATION | |
| -- | p65000 KES |
| 852 1# - LOCATION | |
| -- | p65000 KES |
| 852 1# - LOCATION | |
| -- | p65000 KES |
| 852 1# - LOCATION | |
| -- | p65000 KES |
| 852 1# - LOCATION | |
| -- | p65000 KES |
| 852 1# - LOCATION | |
| -- | p65000 KES |
| 852 1# - LOCATION | |
| -- | p65000 KES |
| 852 1# - LOCATION | |
| -- | p65000 KES |
| 908 ## - PUT COMMAND PARAMETER (RLIN) | |
| Put command parameter | 151014 |
| 950 ## - LOCAL HOLDINGS (RLIN) | |
| -- | 1 |
| Withdrawn status | Lost status | Source of classification or shelving scheme | Not for loan | Home library | Current library | Date acquired | Total Checkouts | Full call number | Barcode | Date last seen | Price effective from | Koha item type |
|---|---|---|---|---|---|---|---|---|---|---|---|---|
| Library of Congress Classification | Kabarak, Main Campus | Kabarak, Main Campus | 17/12/2015 | KJE6456 .A4E97 2014 c. 1 | 020939 | 17/12/2015 | 17/12/2015 | General Collection | ||||
| Library of Congress Classification | Kabarak, Main Campus | Kabarak, Main Campus | 17/12/2015 | KJE6456 .A4E97 2014 c. 2 | 020936 | 17/12/2015 | 17/12/2015 | General Collection | ||||
| Library of Congress Classification | Kabarak, Main Campus | Kabarak, Main Campus | 17/12/2015 | KJE6456 .A4E97 2014 c. 3 | 020937 | 17/12/2015 | 17/12/2015 | General Collection | ||||
| Library of Congress Classification | Kabarak, Main Campus | Kabarak, Main Campus | 17/12/2015 | KJE6456 .A4E97 2014 c. 4 | 020942 | 17/12/2015 | 17/12/2015 | General Collection | ||||
| Library of Congress Classification | Kabarak, Main Campus | Kabarak, Main Campus | 17/12/2015 | KJE6456 .A4E97 2014 c. 5 | 020943 | 17/12/2015 | 17/12/2015 | General Collection | ||||
| Library of Congress Classification | Kabarak, Main Campus | Kabarak, Main Campus | 17/12/2015 | KJE6456 .A4E97 2014 c. 6 | 020938 | 17/12/2015 | 17/12/2015 | General Collection | ||||
| Library of Congress Classification | Kabarak, Main Campus | Kabarak, Main Campus | 17/12/2015 | KJE6456 .A4E97 2014 c. 7 | 020940 | 17/12/2015 | 17/12/2015 | General Collection | ||||
| Library of Congress Classification | Kabarak, Main Campus | Kabarak, Main Campus | 17/12/2015 | KJE6456 .A4E97 2014 c. 8 | 020941 | 17/12/2015 | 17/12/2015 | General Collection | ||||
| Library of Congress Classification | Kabarak, Main Campus | Kabarak, Main Campus | 17/12/2015 | KJE6456 .A4E97 2014 c. 9 | 020944 | 17/12/2015 | 17/12/2015 | General Collection | ||||
| Library of Congress Classification | Kabarak, Main Campus | Kabarak, Main Campus | 17/12/2015 | KJE6456 .A4E97 2014 c. 10 | 020945 | 17/12/2015 | 17/12/2015 | General Collection |